| 000 | 00733cam a2200277 4500 | ||
|---|---|---|---|
| 001 | ABS68523 | ||
| 008 | 041223n2004 000 0 eng u | ||
| 035 | _a(Sirsi) u128435 | ||
| 245 | _aFocus 2: West Midlands update | ||
| 260 | _c2004 | ||
| 490 |
_aEstates Gazette _v(0449) 4 December 2004, 85-105(7) |
||
| 590 | _aABS | ||
| 590 | _aABS | ||
| 650 | _aWEST MIDLANDS | ||
| 650 | _aCOVENTRY | ||
| 650 | _aBIRMINGHAM | ||
| 650 | _aM6 TOLL | ||
| 650 | _aLICHFIELD | ||
| 650 | _aCANNOCK | ||
| 650 | _aLEAMINGTON SPA | ||
| 650 | _aPROPERTY-COMMERCIAL PROPERTY-RETAIL PROPERTY-RETAIL PROPERTY MARKET | ||
| 650 | _aOFFICE MARKET | ||
| 650 | _aINDUSTRIAL MARKET | ||
| 690 | _aCOMMERCIAL PROPERTY-MARKET | ||
| 942 | _n0 | ||
| 999 |
_c118476 _d118476 |
||